Score 0/20 Timer 05:00
0 Plays Today
% Correct
Nicholson
92.7%
Carson
92.5%
Candy
88.5%
Rockefeller
86.2%
Glenn
85.8%
Nicklaus
85.7%
Dillinger
84.1%
Legend
82.1%
Madden
79.2%
Elway
77.9%
% Correct
Keats
72.4%
Milton
67.4%
Paul Jones
64.2%
Hurt
63%
Updike
61.9%
Ford
56.5%
Swigert
49.4%
Constable
42.9%
Napier
37.8%
Harrison
23.3%
Remove Ads.
Support Sporcle.
Get the best of Sporcle when you Go Orange. This ad-free experience offers more features, more stats, and more fun while also helping to support Sporcle. Thank you for becoming a member.

You're not logged in!

Compare scores with friends on all Sporcle quizzes.
OR
Log In

Show Comments

Extras

Top Quizzes Today


Score Distribution

Your Account Isn't Verified!

In order to create a playlist on Sporcle, you need to verify the email address you used during registration. Go to your Sporcle Settings to finish the process.

Report this User

Report this user for behavior that violates our Community Guidelines.

Details: